Color atlas and text of histology / (Record no. 80693)

MARC details
000 -LEADER
fixed length control field 01227nam a22002657a 4500
003 - CONTROL NUMBER IDENTIFIER
control field URS
005 - DATE AND TIME OF LATEST TRANSACTION
control field 20240711232812.0
008 - FIXED-LENGTH DATA ELEMENTS--GENERAL INFORMATION
fixed length control field 240711b |||||||| |||| 00| 0 eng d
020 ## - INTERNATIONAL STANDARD BOOK NUMBER
International Standard Book Number 978-1-4511-1343-3 (alk. paper)
040 ## - CATALOGING SOURCE
Language of cataloging English
Transcribing agency URS
Description conventions rda
050 ## - LIBRARY OF CONGRESS CALL NUMBER
Classification number QM557
Item number .G198 2014
100 ## - MAIN ENTRY--PERSONAL NAME
Personal name Gartner, Leslie P.,
Relator term author.
9 (RLIN) 5859
245 #0 - TITLE STATEMENT
Title Color atlas and text of histology /
Statement of responsibility, etc Leslie P. Gartner and James Hiatt.
250 ## - EDITION STATEMENT
Edition statement 6th edition.
264 ## - PUBLICATION, DISTRIBUTION, ETC. (IMPRINT)
Place of publication, distribution, etc Philadelphia :
Name of publisher, distributor, etc Wolters Kluwer,
Date of publication, distribution, etc ©2014.
300 ## - PHYSICAL DESCRIPTION
Extent xviii, 525 pages :
Other physical details color illustration ;
Dimensions 28 cm.
336 ## - CONTENT TYPE
Content type term text
Content type code txt
Source rdacontent
337 ## - MEDIA TYPE
Media type term unmediated
Media type code n
Source rdamedia
338 ## - CARRIER TYPE
Carrier type term volume
Carrier type code nc
Source rdacarrier
504 ## - BIBLIOGRAPHY, ETC. NOTE
Bibliography, etc Includes index.
505 ## - FORMATTED CONTENTS NOTE
Formatted contents note The cell -- Epithelium and glands -- Connective tissue -- Cartilage and bone -- Blood and hemopoiesis -- Muscle -- Nervous tissue -- Circulatory system -- Lymphoid tissue -- Endocrine system -- Integument -- Respiratory system -- Digestive system I -- Digestive system II-- Digestive system III -- Urinary system -- Female reproductive system -- Male reproductive system -- Special senses.
650 #0 - SUBJECT ADDED ENTRY--TOPICAL TERM
Topical term or geographic name as entry element Histology
General subdivision Atlases.
9 (RLIN) 5860
700 ## - ADDED ENTRY--PERSONAL NAME
Personal name Hiatt, James L.,
Relator term author.
9 (RLIN) 5861
942 ## - ADDED ENTRY ELEMENTS (KOHA)
Koha item type Foreign Books
Source of classification or shelving scheme Library of Congress Classification
Holdings
Withdrawn status Lost status Source of classification or shelving scheme Damaged status Not for loan Collection code Home library Current library Shelving location Date acquired Source of acquisition Total Checkouts Full call number Barcode Date last seen Copy number Koha item type
    Library of Congress Classification     Non-fiction Taytay College Library Taytay College Library Foreign Section 07/11/2024 Donation   QM557 .G198 2014 URSTAY-5615 06/04/2025 1 Foreign Books

University of Rizal System
Email us at univlibservices@urs.edu.ph

Visit our Website www.urs.edu.ph/library